000 00218nam a22000977a 4500
999 _c15853
_d15853
003 OSt
008 191022b ||||| |||| 00| 0 eng d
100 _aNarayana, Pillai M R
_94349
245 _aPariaya manjari
942 _cBK